000 00757cam a2200217 4500
001 WB3648-21
008 000000n2000 000 0 eng u
035 _a(Sirsi) u109776
245 _aSay 'cheese'
260 _c2000
490 _aNegotiator
_v 1 December 2000, 7(1)
520 _aMultimap.com, providers of online maps to businesses and consumers, are offering estate agents the chance to add aerial photographs to their websites. The service highlights details such as potential security problems caused by tree-lined streets.
590 _aWB
650 _aAERIAL PHOTOGRAPHY
650 _aMAPS
650 _aESTATE AGENTS
650 _aWEBSITES
650 _aONLINE MARKETING
690 _aINFORMATION TECHNOLOGY-INTERNET
942 _n0
999 _c65517
_d65517